Costos, decisiones empresariales

Detalles Bibliográficos
Autor principal: Rincn̤ Soto, Carlos Augusto
Otros Autores: Villarreal Vs̀quez, Fernando
Formato: Desconocido
Lenguaje:español
Publicado: Bogot ̀: ECOE, 2009
Materias:
Acceso en línea:http://www.vlex.com/source/7665

MARC

LEADER 00000 a2200000 4500
005 20130327102521.0
007 cr|||| ||||
008 130327e2009 ck |||||s|||| 00||0 spa d
020 |a 978-958-648-616-3 
035 |a 7665 
040 |a vLex 
090 |c 4043  |d 4043 
100 1 0 |a Rincn̤ Soto, Carlos Augusto  
245 1 0 |a Costos, decisiones empresariales  |c / Carlos Augusto Rincn̤ Soto, Fernando Villarreal Vs̀quez   |h [Recurso electrn̤ico]  
256 |a Servicio en ln̕ea 
260 |a Bogot ̀:  |b ECOE,   |c 2009  
300 |a 1 Recurso electrn̤ico 
506 |d vLex Global  |d vLex Global (Academic Edition, excluding Law Schools)  |d vLex Global (U.S. Academic Edition, Law Schools)  |d vLex Global (U.S. Academic Edition, excluding Law Schools)  |d vLex Global (Academic Edition, Law Schools) 
650 0 4 |a Administracin̤ (Management) 
650 0 4 |a Contabilidad 
700 1 0 |a Villarreal Vs̀quez, Fernando  
740 |a vLex Libros (Servicio en ln̕ea) 
856 |a Acceso restringido  |u http://www.vlex.com/source/7665 
942 |c BOOK 
999 |a Management